Christmas songs - Statistics

General Stats
  • This quiz has been taken 78 times
    39 since last reset
  • The average score is 13 of 34
Answer Stats
Answers % Correct
Jingle bells
74%
I saw mommy kissing Santa
71%
All I want for Christmas is you
65%
White Christmas
65%
Last Christmas
61%
we wish you a merry Christmas
61%
Jingle Bell rock
58%
Silent night
58%
Santa baby
55%
Rudolph The Red Nosed Reindeer
52%
Run run Rudolph
52%
Santa tell me
52%
Have yourself a merry Little Christmas
48%
Holly Jolly Christmas
45%
Santa can’t you hear me
42%
Blue Christmas
39%
Ho ho, ho
39%
I’ll be home for Christmas
39%
It’s beginning to look a lot like Christmas
39%
Let it Snow
39%
Rocking around the Christmas tree
39%
Feliz Navidad
32%
Happy Christmas
29%
The Christmas
29%
O’ holy night
26%
Winter Wonderland
26%
Do you hear what I hear
23%
Santa Claus is coming to town
19%
All i want for christmas is my two front teeth
10%
Mary did you know
10%
Candy cane Lane
3%
Happy holiday
3%
My only wish
3%
Joy to the Word
0%
No matching quizzes found
Score Distribution
Percent of People with Each Score
Percentile by Number Answered
Your Score History
You have not taken this quiz since the last reset